Normal view
MARC view
Entry Topical Term
001 - CONTROL NUMBER
- control field: 657
003 - CONTROL NUMBER IDENTIFIER
- control field: BD-RjUL
005 - DATE AND TIME OF LATEST TRANSACTION
- control field: 20220111152313.0
008 - FIXED-LENGTH DATA ELEMENTS
- fixed length control field: 220111|| aca||aabn | a|a d
040 ## - CATALOGING SOURCE
- Original cataloging agency: BD-RjUL
- Transcribing agency: BD-RjUL
150 ## - HEADING--TOPICAL TERM
- Topical term or geographic name entry element: History
- Geographic subdivision: Ottoman
670 ## - SOURCE DATA FOUND
- Source citation: Work cat.: (BD-RjUL)79154: جرجي زيدان،;; Jerji Zeidan, (1278-1332 هـ. 656, الانقلاب العثماني : رواية تاريخية ;; alianqilab aleuthmaniu : riwayat tarikhia /, 1926